000 00525nam a22001577a 4500
005 20251108163338.0
008 250721s1994 xx 000 0 ara d
082 1 4 _a133.5/هال
100 1 _aعمر، هالة
245 1 0 _aموسوعة عالم الأبراج :
_bالصفات العامة للأبراج وتأثير الكواكب على سلوك الأشخاص /
264 1 _aالقاهرة :
_bهلا بوك شوب،
_c1994.
300 _a441 ص
650 1 7 _aعلم التنجيم
942 _2ddc
_cBK
999 _c346
_d346